| 000 | 00824nam a2200229 a 4500 | ||
|---|---|---|---|
| 001 | 47875 | ||
| 003 | BD-RjUL | ||
| 005 | 20211209054419.0 | ||
| 008 | 160810s2002 b a|||| b||| 00| 0 ben d | ||
| 020 |
_a9844122769 _c:TK. 90.00 |
||
| 035 | _a(BD-RjUL)47994 | ||
| 040 |
_aBD-RjUL _bben _cBD-RjUL |
||
| 041 | _aben | ||
| 082 |
_223 _a570.15195 _bRAJ 2002 |
||
| 100 | 1 |
_a(রানা), মোঃ হাসান তারীক _9145248 |
|
| 245 | 1 | 0 |
_aজীবমিতি পরিচিতি=(Introduction to Biometry) / _cমোঃ হাসান তারীক (রানা) |
| 260 |
_aঢাকা : _bঅনন্যা, _c২০০২ |
||
| 300 |
_a১৫৪ পৃ. : _bচিত্র ; _c২১ সেমি. |
||
| 650 |
_aজীবমিতি _9145312 |
||
| 650 |
_aBiometry _9145313 |
||
| 942 |
_2ddc _cBK |
||
| 999 |
_c47875 _d47875 |
||